000 01024cab a22002055a 4500
001 L154536
008 111219e20111210xxk 000 0 eng d
035 _a(Sirsi) u154536
041 0 _aeng
100 1 _aMcCann, Niall
245 0 0 _aTime for a silent night
260 _c2011
490 _aEstates Gazette
_v(1149) 10 December 2011, 94-95(2)
520 _aEffect of the Police Reform and Social Responsibility Act 2011 on premises that sell alcohol and provide entertainment in England and Wales. Describes the most important of the reforms which include changes to temporary event notices, a greater likelihood of receiving objections to obtaining a new premises licence and restrictions on the selling of early morning alcohol by local authorities.
590 _aKA
650 2 4 _aPolice Reform and Social Responsibility Act 2011
651 4 _aEngland and Wales
_y1543-
690 _aPROPERTY-COMMERCIAL PROPERTY-LEISURE PROPERTY-REFRESHMENT AND CULINARY PROPERTY-LICENSED PROPERTY-LICENSED PREMISES
942 _n0
999 _c83653
_d83653